| 000 | 00861cam a22002653a 4500 | ||
|---|---|---|---|
| 001 | 26834 | ||
| 003 | PGUSA | ||
| 005 | 20140828083559.0 | ||
| 008 | 081007s2008||||xxu|||||s|||||000 p eng d | ||
| 040 |
_aPGUSA _beng |
||
| 042 | _adc | ||
| 050 | 4 | _aPR | |
| 245 | 1 | 4 |
_aThe Nightingale, the Valkyrie and Raven, and Other Ballads _h[electronic resource] |
| 260 |
_bProject Gutenberg, _c2008 |
||
| 505 | 0 | _aThe nightingale, or, The transformed damsel -- The valkyrie and raven -- Erik Emun and Sir Plog -- The elves -- Feridun -- Epigrams. | |
| 506 | _aPublic domain in the USA. | ||
| 516 | _aElectronic text | ||
| 653 | _aBallads | ||
| 653 | _aEnglish poetry | ||
| 700 | 1 |
_aWise, Thomas James, _d1859-1937 |
|
| 700 | 1 |
_aBorrow, George, _d1803-1881 |
|
| 830 | 0 |
_aProject Gutenberg _v26834 |
|
| 856 | 4 | 0 | _uhttp://www.gutenberg.org/ebooks/26834 |
| 942 | _cEB | ||
| 999 |
_c256089 _d256089 |
||